000 01403nam a22003735i 4500
003 EG-ScBUE
005 20250707093711.0
006 m||||fq||h 00| 0
008 090427t2005 njuacf f d 001 0 eng d
020 _a0131402838
020 _a9780131402836
040 _aEG-ScBUE
_beng
_erda
_cEG-ScBUE
_dEG-ScBUE
082 0 4 _a540
_bGEN
_222
245 0 0 _aGeneral chemistry /
_cJohn W. Hill, University of Wisconsin-River Falls [and three others]
250 _aFourth edition.
250 _aInternational edition.
264 1 _aUpper Saddle River, New Jersey :
_bPearson Prentice Hall,
_c[2005]
264 4 _cc2005
300 _a1 volume (various pagings) :
_bcolor illustrations, color portraits, forms ;
_c29 cm +
_e1 CD
336 _2rdacontent
_atext
_btxt
336 _2rdacontent
_asounds
_bsnd
337 _aunmediated
_2rdamedia
_bn
337 _aaudio
_2rdamedia
_bs
338 _avolume
_bnc
_2rdacarrier
338 _acomputer disc
_bcd
_2rdacarrier
500 _aThe Prentice Hall guide to evaluating online resources with Research Navigator. Science / Melissa Payton with contributions by Eric Stavney, Michelle A. Priest.
500 _aIncludes index.
500 _aIncludes Appendices.
500 _aIncludes glossary.
650 7 _aChemistry.
_94328
_2BUEsh
655 _vReading book
700 1 _aHill, John W.
_q(John William),
_d1933-
_94329
_eauthor.
942 _2ddc
_cBB
999 _c1510
_d1510